| 000 | 01038cam a2200277 a 4500 | ||
|---|---|---|---|
| 001 | 31 | ||
| 003 | BR-CuiBMT | ||
| 005 | 20231129035332.0 | ||
| 008 | 230804s2018 mbga 000 0 por d | ||
| 020 | _a9788545004554 | ||
| 040 |
_aBR-CuiBMT _cBR-CuiBMT |
||
| 080 |
_22007 _a347.965 |
||
| 090 |
_a347.965 _bM539p |
||
| 100 | 1 | _aMendonça, Clarice Corrêa de | |
| 245 | 1 | 0 |
_a1° diagnóstico da advocacia pública municipal no Brasil / _cClarice Corrêa de Mendonça,Raphael Diógenes Serafim Vieira, Nathália França Figuerêdo Porto ; prefácio, Carlos Figueiredo Mourão, Geórgia T. Jezler Campello. |
| 246 | 1 | 2 | _aPrimeiro diagnóstico da advocacia pública municipal no Brasil |
| 260 |
_aBelo Horizonte : _bFórum, _c2018. |
||
| 300 |
_a102 p. : _bil. ; _c18 cm |
||
| 504 | _aInclui bibliografia. | ||
| 650 |
_aAdvocacia pública _zBrasil |
||
| 650 | _aDireito municipal | ||
| 650 | _aOrganização judiciária | ||
| 700 | 1 | _aVieira, Raphael Diógenes Serafim | |
| 700 | 1 | _aPorto, Nathália França Figueiredo | |
| 942 |
_2udc _cLV |
||
| 999 |
_c31 _d31 |
||